One Piece Nicknames/Epithets Quiz - Statistics

General Stats
  • This quiz has been taken 117 times
  • The average score is 42 of 70
Answer Stats
Nickname Real Name % Correct
"Straw Hat" Monkey D. Luffy
100%
"Pirate Hunter" Roronoa Zoro
100%
"Cat Burglar Nami
99%
"Devil Child", formerly "Miss All-Sunday" Nico Robin
98%
"Black Leg" Sanji
98%
"Cotton-Candy Lover" Tony-Tony Chopper
97%
"Soul King", formerly "Humming Swordsman" Brook
95%
"Cyborg" Franky
95%
"God" Usopp
92%
"The Fist", "Hero of the Navy" Monkey D. Garp
89%
"Mr. 0" and "Desert King" Crocodile
82%
"_____ the Star Clown", formerly "_____ the Clown" Buggy
81%
"Hawk-Eye" Dracule Mihawk
81%
"Blackbeard" Marshall D. Teach
80%
"Snake Princess" and "Pirate Empress" Boa Hancock
78%
Aokiji (Blue Pheasant), formerly "Beast Recruit" Kuzan
78%
"Surgeon of Death" Trafalgar D. Water Law
78%
"Fire Fist" Portgas D. Ace
76%
"The Buddha" Sengoku
76%
"King of the Pirates" Gol D. Roger
75%
"Red Hair/ Red Haired" Shanks
75%
"Whitebeard", "The Strongest Man Alive","The Man Closest to One Piece" Edward Newgate
73%
"The Phoenix" Marco
72%
Akainu (Red Dog), formerly "Beast Recruit" Sakazuki
72%
"King of the Beasts" and "The Strongest Creature Alive" Kaido
69%
"Big Mom" Charlotte Linlin
68%
"First Son of the Sea" Jimbei
68%
"Tyrant" Bartholomew Kuma
65%
"White Chase" Smoker
65%
"Heavenly Demon" Donquixote Doflamingo
63%
Kizaru (Yellow Monkey) Borsalino
60%
"World's Most Heinous Criminal" Monkey D. Dragon
60%
"Captain" Eustass Kid
59%
"Champion" Jesus Burgess
59%
Fujitora (Wisteria Tiger) Issho
58%
"Gang" Capone Bege
56%
"of the Rain" Shiryu
56%
"Big Eater" Jewelry Bonney
55%
"Diamond" Jozu
55%
"Hyena" Bellamy
53%
"Mad Monk" Urouge
53%
"Massacre Soldier" Killer
52%
"Magician" Basil Hawkins
51%
"Golden Lion" Shiki
51%
"Miracle Person", "Queen", "Queer King" Emporio Ivankov
50%
Hakuba (White Horse) Cavendish
49%
"Mr. 1" Daz Bones
48%
"The Black Cage" Hina
48%
"Red Flag" X Drake
48%
"Mr. 2, Bon Clay" Bentham
47%
"Silver Fox" Foxy
47%
"Flower Sword" Vista
47%
"Mr. 3" Galdino
45%
"Roar of the Sea" Scratchmen Apoo
45%
"Cannibal" Bartolomeo
44%
"Colossal Battleship" San Juan Wolf
43%
"Death God" Doc Q.
42%
"Heavy Drinker" Vasco Shot
42%
"Supersonic" Van Augur
39%
"Corrupt King" Avalo Pizarro
38%
"Crescent Moon Hunter" Caterina Devon
38%
"The Liar" Montblanc Noland
38%
"Continent-Puller" Oars
38%
"Demon Sherrif" Lafitte
33%
"Hero of the Colosseum" Diamante
27%
"Shark Cutter" Bastille
23%
"Massacre Weapon" Rob Lucci
23%
"The Drill" Don Chinjao
20%
"Master" Caesar Clown
19%
"Phantom Princess" Rebecca
18%
No matching quizzes found
Score Distribution
Percent of People with Each Score
Percentile by Number Answered
Your Score History
You have not taken this quiz